| 000 | 01471nam0a2200349 4500 | ||
|---|---|---|---|
| 001 | RU\NLR\BIBL_A\022645221 | ||
| 005 | 20260420054922.0 | ||
| 010 |
_a978-5-04-206157-8 _93000 |
||
| 021 |
_aRU _bКН-П-25-052619 _9КН-П-25-5078 |
||
| 035 | _a(NLR Aleph) 022645221 | ||
| 090 |
_a13685488 _c13685488 |
||
| 100 | _a20251016d2025 e y0rusy50 ca | ||
| 101 | 0 | _arus | |
| 102 | _aRU | ||
| 105 | _aa g 000yy | ||
| 181 | 0 |
_ai _baxxe |
|
| 182 | 0 | _an | |
| 200 | 1 |
_aРусский язык _e[5-9 классы] _ecправочник с теорией, заданиями и ответами _fЕ. А. Маханова |
|
| 203 |
_aТекст _bвизуальный _cнепосредственный |
||
| 210 |
_aМосква _cЭксмо _d2025 |
||
| 215 |
_a175 с. _cтабл. _d26 |
||
| 225 | 1 | _aПодготовка к ОГЭ и ВПР | |
| 300 | _aНа обороте тит. с. в макете серия: Подготовка к ОГЭ и ВПР: справочник с теорией, заданиями и ответами | ||
| 300 | _aНа обл.: Стартуй к успеху! | ||
| 333 | _a6+ | ||
| 606 | 1 |
_aРусский язык _jУчебные издания для средней школы _91533567 _3RU\NLR\auth\66969347 |
|
| 686 | 3 | _aШ141.12-922.1[5/9] | |
| 700 | 1 |
_aМаханова _bЕ. А. _gЕлена Александровна |
|
| 942 | _cBOOK | ||
| 980 | _aNB | ||